<?xml version="1.0" encoding="UTF-8"?>
<record
    xmlns:xsi="http://www.w3.org/2001/XMLSchema-instance"
    xsi:schemaLocation="http://www.loc.gov/MARC21/slim http://www.loc.gov/standards/marcxml/schema/MARC21slim.xsd"
    xmlns="http://www.loc.gov/MARC21/slim">

  <leader>01088aea a2200265   4500</leader>
  <controlfield tag="005">20180803170253.0</controlfield>
  <controlfield tag="008">160516s1979    ck ||||| |b|| r | 0 spa d</controlfield>
  <datafield tag="040" ind1=" " ind2=" ">
    <subfield code="a">CO-BoIAVH</subfield>
    <subfield code="c">CO-BoIAVH</subfield>
  </datafield>
  <datafield tag="041" ind1="0" ind2=" ">
    <subfield code="a">spa</subfield>
  </datafield>
  <datafield tag="044" ind1=" " ind2=" ">
    <subfield code="a">ck</subfield>
  </datafield>
  <datafield tag="090" ind1=" " ind2=" ">
    <subfield code="a">MC-</subfield>
    <subfield code="b">0230</subfield>
  </datafield>
  <datafield tag="110" ind1="2" ind2=" ">
    <subfield code="a">Instituto Geogr&#xE1;fico Agust&#xED;n Codazzi</subfield>
    <subfield code="9">95695</subfield>
  </datafield>
  <datafield tag="245" ind1="1" ind2="0">
    <subfield code="a">Mapa geol&#xF3;gico, Rep&#xFA;blica de Colombia, int. del  Caquet&#xE1; coms. del Amazonas - Guaviare - Guain&#xED;a y Vaup&#xE9;s</subfield>
    <subfield code="h">[Material cartogr&#xE1;fico]</subfield>
  </datafield>
  <datafield tag="255" ind1=" " ind2=" ">
    <subfield code="a">Escala [1:500.000] ; </subfield>
    <subfield code="b">Proyecci&#xF3;n de Gauss.</subfield>
  </datafield>
  <datafield tag="260" ind1=" " ind2=" ">
    <subfield code="a">[Bogot&#xE1;?]:</subfield>
    <subfield code="b">Instituto Geogr&#xE1;fico Agust&#xED;n Codazzi,</subfield>
    <subfield code="c">1979.</subfield>
  </datafield>
  <datafield tag="300" ind1=" " ind2=" ">
    <subfield code="a">1 mapa :</subfield>
    <subfield code="b">ilustraciones a color ;</subfield>
    <subfield code="c">63 x 93 cm.</subfield>
  </datafield>
  <datafield tag="500" ind1=" " ind2=" ">
    <subfield code="a">Proyecto radargram&#xE9;trico del Amazonas.</subfield>
  </datafield>
  <datafield tag="650" ind1="1" ind2="6">
    <subfield code="a">Geolog&#xED;a</subfield>
    <subfield code="v">mapas</subfield>
    <subfield code="z">Amazon&#xED;a (Regi&#xF3;n, Colombia)</subfield>
    <subfield code="9">68417</subfield>
  </datafield>
  <datafield tag="651" ind1=" " ind2=" ">
    <subfield code="a">Colombia</subfield>
    <subfield code="z">Amazonas (Departamento)</subfield>
    <subfield code="9">68418</subfield>
  </datafield>
  <datafield tag="651" ind1=" " ind2=" ">
    <subfield code="a">Colombia</subfield>
    <subfield code="z">Guaviare (Departamento)</subfield>
    <subfield code="9">68419</subfield>
  </datafield>
  <datafield tag="651" ind1=" " ind2=" ">
    <subfield code="a">Colombia</subfield>
    <subfield code="z">Guain&#xED;a (Departamento)</subfield>
    <subfield code="9">68420</subfield>
  </datafield>
  <datafield tag="651" ind1=" " ind2=" ">
    <subfield code="a">Colombia</subfield>
    <subfield code="z">Vaup&#xE9;s (Departamento)</subfield>
    <subfield code="9">68421</subfield>
  </datafield>
  <datafield tag="773" ind1="0" ind2=" ">
    <subfield code="t">La Amazonia colombiana y sus recursos /</subfield>
  </datafield>
  <datafield tag="942" ind1=" " ind2=" ">
    <subfield code="2">z</subfield>
    <subfield code="c">Mapa</subfield>
  </datafield>
  <datafield tag="999" ind1=" " ind2=" ">
    <subfield code="c">18586</subfield>
    <subfield code="d">18586</subfield>
  </datafield>
  <datafield tag="952" ind1=" " ind2=" ">
    <subfield code="0">0</subfield>
    <subfield code="1">0</subfield>
    <subfield code="2">z</subfield>
    <subfield code="4">0</subfield>
    <subfield code="7">0</subfield>
    <subfield code="8">CARTOGRAFI</subfield>
    <subfield code="a">Bogota</subfield>
    <subfield code="b">Bogota</subfield>
    <subfield code="d">2016-05-16</subfield>
    <subfield code="l">1</subfield>
    <subfield code="o">MC-0230</subfield>
    <subfield code="p">024258</subfield>
    <subfield code="q">2018-07-24</subfield>
    <subfield code="r">2018-07-24 00:00:00</subfield>
    <subfield code="s">2018-07-24</subfield>
    <subfield code="t">P.5 Ej.1</subfield>
    <subfield code="w">2016-05-16</subfield>
    <subfield code="x">Donacion</subfield>
    <subfield code="y">Mapa</subfield>
  </datafield>
</record>
